Movilización campesina y cambio social: enfoques alternativos y el caso de Honduras

Պահպանված է:
Մատենագիտական մանրամասներ
Հիմնական հեղինակ: Douglas Kincaid, A.
Ձևաչափ: Տեքստ
Հրապարակվել է: San José: CSUCA
Ցուցիչներ: Ավելացրեք ցուցիչ
Չկան պիտակներ, Եղեք առաջինը, ով նշում է այս գրառումը!

MARC

LEADER 00000 a a2200000 04500
001 20864
003
040 |a CRAI/IIS  |c CRAI/IIS 
090 |a 089300  
100 |a Douglas Kincaid, A.  
245 |a Movilización campesina y cambio social: enfoques alternativos y el caso de Honduras  
260 |a San José:   |b CSUCA  
300 |a 36 p.  
999 |c 8030  |d 8030